| 000 | 01704nam a2200505 i 4500 | ||
|---|---|---|---|
| 001 | 45376 | ||
| 003 | KOSZ 005 | ||
| 005 | 20221230114401.0 | ||
| 008 | 190702s2003 pl a f 001 0 pol | ||
| 015 | _aPB 2003/12546 | ||
| 020 | _a8320814480 | ||
| 035 | _a991021140009705066 | ||
| 035 | _a(PL-WaBN)b15721772-48omnis_nlop | ||
| 035 | _ab15721772 | ||
| 035 | _a(OCoLC)749564844 | ||
| 035 | _a(PL)b0000001572177 | ||
| 035 | _a(EXLNZ-48OMNIS_NETWORK)9910029372605606 | ||
| 040 |
_aWA N _cWA N _dKOSZ 005/RW |
||
| 041 | 1 |
_apol _heng |
|
| 046 | _k2000 | ||
| 080 | _a336 | ||
| 080 | _a(075.8) | ||
| 100 | 1 |
_aBodie, Zvi. _eAutor |
|
| 245 | 1 | 0 |
_aFinanse / _cZvi Bodie, Robert C. Merton ; tłumaczenie Jadwiga i Antoni Stolarek. |
| 246 | 1 |
_iTytuł oryginału: _aFinance, _f2000 |
|
| 260 |
_aWarszawa : _bPolskie Wydawnictwo Ekonomiczne, _c2003. |
||
| 300 |
_a643, [1] strony : _bilustracje ; _c24 cm. |
||
| 336 |
_aTekst _btxt _2rdacontent |
||
| 337 |
_aBez urządzenia pośredniczącego _bn _2rdamedia |
||
| 338 |
_aWolumin _bnc _2rdacarrier |
||
| 380 | _aKsiążki | ||
| 388 | _a1901-2000 | ||
| 388 | _a2001- | ||
| 504 | _aBibliografia na stronach [615]-618. Indeks. | ||
| 658 | _aGospodarka, ekonomia, finanse | ||
| 650 | 7 |
_aFinanse _2DBN |
|
| 655 | 7 |
_aPodręczniki akademickie _2DBN |
|
| 700 | 1 |
_aMerton, Robert C. _eAutor |
|
| 700 | 1 |
_aStolarek, Jadwiga. _eTłumaczenie |
|
| 710 | 2 |
_aPolskie Wydawnictwo Ekonomiczne _4pbl |
|
| 700 | 1 |
_aStolarek, Antoni _eTłumaczenie |
|
| 856 |
_uhttp://koha.tu.koszalin.pl/cgi-bin/koha/opac-detail.pl?biblionumber=45376 _yKatalog online BPK |
||
| 942 |
_2UKD _cKS |
||
| 999 |
_c45376 _d45376 |
||